Nuevo diccionario Cuyás Ingles-Español y Español-Inglés de Appleton

Salvato in:
Dettagli Bibliografici
Autore principale: Cuyás, Alberto (Autore)
Natura: Libro
Lingua:inglese
spagnolo
Pubblicazione: Englewood Cliffs Prentice-Hall 1972
Edizione:5a. ed
Soggetti:
Tags: Aggiungi Tag
Nessun Tag, puoi essere il primo ad aggiungerne!!

MARC

LEADER 00000cam a2200000 a 4500
001 UCF1377
003 CL-VaPUC
008 120629e19720000US |||||||||||||||||eng|d
020 |a 0136117562 
041 0 7 |a eng  |2 CL-VaPUC 
041 0 7 |a spa  |2 CL-VaPUC 
082 0 4 |a 423.61  |b CUY  |2 21 
100 0 |a Cuyás, Alberto  |e author  |9 562915 
245 1 0 |a Nuevo diccionario Cuyás Ingles-Español y Español-Inglés de Appleton 
250 |a 5a. ed 
300 |a pág. irreg 
942 |c BK 
945 |d 20120629 00:00:00  |a dcastane 
260 |a Englewood Cliffs  |b Prentice-Hall  |c 1972 
650 0 |a Lengua inglesa  |9 318842 
650 0 |a Idioma español  |9 309143 
650 0 |a Diccionarios  |9 256200 
583 |a last modification  |c 20120629 12:35:00  |k Rodrigo Vera 
999 |c 348185  |d 348183 
952 |0 0  |1 0  |4 0  |6 423_610000000000000_CUY_1972  |7 0  |8 X  |9 450105  |a FDOBUD  |b FDOBUD  |d 2019-11-22  |i 4835131  |o 423.61 CUY 1972  |p 4835131  |r 2019-11-22  |w 2019-11-22  |y BK_X  |k BUD